|
|
|
|
| LEADER |
00000cam a2200000 7i4500 |
| 001 |
0000003143 |
| 005 |
20050217.0 |
| 020 |
0 |
0 |
|a 9678913755
|
| 090 |
0 |
0 |
|a 342.5950684
|b MAL
|
| 110 |
1 |
0 |
|a Malaysia
|
| 245 |
1 |
0 |
|a Akta Badan-badan Berkanun (Tatatertib dan Surcaj) 2000 (Akta 605) & Statutory Bodies (Discipline and Surcharge) Act 2000 (act 605) :
|b (hingga 20hb Mei 2003)
|c disusun oleh Lembaga Penyelidikan Undang-Undan
|
| 260 |
0 |
0 |
|a Petaling Jaya :
|b International Law Book Services, ,
|c 2003
|
| 300 |
|
|
|a 104ms. ; ;
|c 24cm.
|
| 440 |
0 |
0 |
|a Undang-undang Malaysia
|
| 650 |
0 |
0 |
|a Corporation law
|z Malaysia
|
| 710 |
2 |
1 |
|a Lembaga Penyelidikan Undang-Undang
|
| 740 |
0 |
2 |
|a Statutory Bodies (Disipline and Surcharge) Act 2000 (Act 605)
|
| 999 |
|
|
|a 0000005833
|b Monograph
|c Open Shelf
|e Default branch
|